Political sciences, law, finance, economics and tourism SGEM International multidisciplinary scientific conferences on social sciences and arts : conference proceedings : 1-10 September 2014, Albena, Bulgaria

Na minha lista:
Detalhes bibliográficos
Autor Corporativo: Political sciences, law, finance, economics and tourism. International multidisciplinary scientific conferences
Formato: Livro
Idioma:inglês
Publicado em: Sofia STEF92 Technology 2014
Edição:1. ed.
Assuntos:
Tags: Adicionar Tag
Sem tags, seja o primeiro a adicionar uma tag!

MARC

LEADER 00000nam a2200000 4500
001 0214565
005 20240109074701.4
020 |a 978-619-7105-26-1 
022 |a 2367-5659 
041 0 |a eng 
044 |a BG 
245 1 0 |a Political sciences, law, finance, economics and tourism  |b SGEM International multidisciplinary scientific conferences on social sciences and arts : conference proceedings : 1-10 September 2014, Albena, Bulgaria 
250 |a 1. ed. 
264 1 |a Sofia  |b STEF92 Technology  |c 2014 
300 |a 889 s. 
610 2 0 |a politika 
610 2 0 |a právo 
610 2 0 |a financie 
610 2 0 |a ekonómia 
610 2 0 |a ruch cestovný 
610 2 0 |a turistika 
110 2 |a Political sciences, law, finance, economics and tourism. International multidisciplinary scientific conferences